[Event "IM Round Robin Orbis-4 2019"]
[Site "Hotel Orbis, Paracin"]
[Date "2019.12.12"]
[Round "4.4"]
[White "Abramovic, Bosko"]
[Black "Kamer, Kayra"]
[Result "1-0"]
[WhiteElo "2348"]
[BlackElo "2328"]
[PlyCount "93"]
[EventDate "2019.12.10"]

1. c4 g6 2. g3 Bg7 3. Bg2 d6 4. Nc3 Nf6 5. d3 O-O 6. Nf3 c6 7. O-O Re8 8. Rb1
a5 9. a3 e5 10. b4 axb4 11. axb4 d5 12. Bg5 dxc4 13. dxc4 Qc7 14. Ra1 Rxa1 15.
Qxa1 e4 16. Nd4 Qe5 17. Bxf6 Qxf6 18. e3 Qe7 19. Nxe4 Bf5 20. Nc5 b6 21. Na6
Nxa6 22. Nxf5 Bxa1 23. Nxe7+ Rxe7 24. b5 Bf6 25. bxa6 Ra7 26. Rd1 Rxa6 27. Rd6
Ra1+ 28. Bf1 Be7 29. Rxc6 Bc5 30. h4 Kg7 31. Kg2 h5 32. Bd3 Ra2 33. Kf3 Rd2 34.
Be4 Rb2 35. Rc7 Kf6 36. Bc6 Rc2 37. Ba4 Ra2 38. Bb5 Rc2 39. Rb7 Rc3 40. Bc6 g5
41. hxg5+ Kxg5 42. Rxf7 Rxc4 43. Be4 Rb4 44. Rh7 Rb2 45. Rg7+ Kf6 46. Rg6+ Kf7
47. Rh6 1-0